000
00294nam a22001337a 4500
008
210302b ||||| |||| 00| 0 eng d
020
_a
0721629636
041
_a
eng
080
_a
611
100
_a
6
101
_a
ANA
245
_a
Fetal and Neonatal Physiology
_c
Polin,A.R
942
_2
udc
_c
BK
999
_c
55527
_d
55527